000
00354nam a2200145Ia 4500
008
090124s9999 xx 000 0 und d
082
_b
201511
245
_a
हृदयरंग
250
_a
1
260
_b
पै शिरीष
_c
1971
300
_a
148
630
_a
हृदयरंग
730
_a
हृदयरंग
942
_c
BOOK
999
_c
183092
_d
183092